Quiz about Jihad - Statistics

General Stats
  • This quiz has been taken 24 times
  • The average score is 5 of 15
Answer Stats
Hint Answer % Correct
Name of prolific terrorist group behind large scale attacks in Iraq and Syria, after the Arab Spring (abbreviation) ISIS
95%
Name of group behind 9/11 Al Qaeda
90%
Largest terrorist group in Indonesia (abbreviation) JI
57%
Second largest city in Iraq which was invaded by ISIS in a humiliating defeat for the Iraqi army Mosul
43%
Country in which this sect is the state religion Saudi Arabia
43%
British national who was responsible for multiple beheadings which were caught on video (nickname) Jihadi John
38%
This groups colloquial name in Arabic (abbreviation) Daesh
33%
Country in which this drone strike happened Yemen
33%
Largest subgroup of ISIS in Somalia Al Shabaab
29%
Subcategory of Sunni Islam from which many Jihadist groups’ ideology are said to have stemmed Wahabbism
24%
Largest Sunni Jihadist group in Yemen (abbreviation) AQAP
14%
Ex-Al-Qaeda general said to be founder of modern ISIS (only surname needed) Zarqawi
14%
Largest terrorist group in Sinai (hint: sub group of ISIS) Ansar Bayt Al-Maqdis
10%
Leading Al-Qaeda member, who was the first US citizen to be killed in a US-drone strike Anwar Al Awlaki
10%
Arabic term for someone who practises Jihad Mujahedeen
10%
No matching quizzes found
Score Distribution
Percent of People with Each Score
Percentile by Number Answered
Your Score History
You have not taken this quiz